2023 VALORANT Partnership Rosters - Statistics

General Stats
  • This quiz has been taken 2,032 times
    2,028 since last reset
  • The average score is 61 of 166
Answer Stats
Hint Answer % Correct
Sentinels TenZ
97%
Sentinels Sacy
85%
NRG s0m
84%
Sentinels zekken
84%
Sentinels pANcada
81%
Fnatic Boaster
78%
NRG FNS
77%
LOUD aspas
76%
Fnatic Derke
74%
Cloud 9 Zellsis
74%
NRG ardiis
73%
Paper Rex Jinggg
73%
NRG crashies
72%
Paper Rex f0rsakeN
72%
Cloud 9 yay
71%
100 Thieves Asuna
70%
ZETA Division Dep
70%
NRG Victor
70%
Fnatic Chronicle
68%
Fnatic Leo
67%
Fnatic Alfajer
66%
T1 ban
66%
Team Heretics Boo
66%
100 Thieves Cryocells
65%
Evil Geniuses Ethan
65%
Karmine Corp ScreaM
65%
Team Liquid nAts
64%
Evil Geniuses Demon1
63%
Sentinels dephh
63%
LOUD Less
62%
100 Thieves bang
61%
Evil Geniuses Boostio
59%
DRX MaKo
59%
Paper Rex mindfreak
59%
LOUD saadhak
59%
Evil Geniuses C0M
58%
Natus Vincere cNed
58%
Evil Geniuses jawgemo
58%
Paper Rex Benkai
57%
Cloud 9 leaf
57%
DRX stax
57%
Cloud 9 vanity
57%
100 Thieves Derrek
56%
Karmine Corp Nivera
55%
DRX rb
55%
Natus Vincere ANGE1
54%
Paper Rex d4v41
54%
Team Liquid Jamppi
54%
Cloud 9 Xeppaa
54%
Evil Geniuses BcJ
53%
DRX BuZz
53%
100 Thieves stellar
53%
Sentinels SicK
52%
Natus Vincere SUYGETSU
52%
Natus Vincere Shao
50%
GenG k1Ng
49%
Team Liquid Redgar
49%
T1 Sayaplayer
46%
Team Liquid Sayf
46%
DRX Zest
46%
DRX Foxy9
44%
Leviatan keznit
44%
Natus Vincere Zyppan
43%
ZETA Division Laz
42%
LOUD tuyz
42%
Team Liquid soulcas
41%
FURIA Mazin
38%
Global Esports AYRIN
37%
LOUD cauanzin
37%
Leviatan kiNgg
37%
GenG Meteor
37%
Team Heretics Mixwell
37%
ZETA Division SugarZ3ro
35%
T1 Munchkin
34%
Global Esports SkRossi
34%
KOI sheydos
33%
Global Esports t3xture
33%
Leviatan Tacolilla
33%
T1 xeta
33%
Leviatan Mazino
32%
T1 carpe
31%
FURIA mwzera
31%
Giants Gaming nukkye
31%
MIBR heat
30%
Evil Geniuses ScrewFace
29%
KOI starxo
29%
Team Vitality BONECOLD
28%
KOI trexx
28%
Team Vitality Twisten
28%
Karmine Corp xms
28%
KOI koldamenta
27%
Global Esports Monyet
27%
Evil Geniuses Apoth
26%
Talon Esports Crws
26%
FURIA dgzin
26%
KRU Esports Melser
26%
Leviatan Shyy
26%
Karmine Corp SHIN
25%
Talon Esports Sushiboys
25%
ZETA Division TENNN
25%
Paper Rex CigaretteS
24%
Karmine Corp Newzera
24%
Talon Esports Patiphan
24%
Giants Gaming Cloud
23%
ZETA Division crow
23%
FURIA Quick
23%
Team Heretics AvovA
22%
Team Heretics zeek
22%
Giants Gaming Fit1nho
21%
Team Heretics keloqz
21%
Team Secret DubsteP
20%
Team Secret JessieVash
20%
Evil Geniuses Reformed
20%
FUT Esports AtaKaptan
19%
Team Vitality ceNder
19%
Giants Gaming hoody
19%
KRU Esports Klaus
19%
FUT Esports MrFaliN
19%
Leviatan nzr
19%
Detonation FocusMe Seoldam
19%
KOI Wolfen
19%
FURIA Khalil
18%
Global Esports Lightningfast
18%
KRU Esports NagZ
18%
Team Vitality Destrian
17%
MIBR frz
16%
Giants Gaming rhyme
16%
KRU Esports xand
16%
Global Esports Bazzi
15%
KRU Esports DaveeyS
15%
Talon Esports foxz
15%
Talon Esports JitBoyS
15%
Team Vitality MOLSI
15%
FUT Esports qw1
15%
GenG TS
15%
Global Esports WRONSKI
15%
MIBR jzz
14%
Rex Regum Qeon tehbotoL
14%
Team Secret BORKUM
13%
Team Secret Jremy
13%
BBL Esports QutionerX
13%
MIBR RgLMeister
13%
Detonation FocusMe xnfri
13%
BBL Esports Brave
12%
Rex Regum Qeon fl1pzjder
12%
Talon Esports garnetS
12%
Team Secret invy
12%
BBL Esports Turko
12%
Rex Regum Qeon Lmemore
11%
FUT Esports MOJJ
11%
MIBR murizzz
11%
FUT Esports qRaxs
11%
Detonation FocusMe Suggest
11%
Detonation FocusMe Anthem
10%
BBL Esports AsLanM4shadoW
10%
GenG eKo
9%
Rex Regum Qeon 2ge
8%
FUT Esports Muj
8%
Detonation FocusMe Reita
8%
GenG Secret
8%
Detonation FocusMe takej
8%
KRU Esports axeddy
7%
Rex Regum Qeon EJAY
7%
Team Secret lenne
6%
Rex Regum Qeon Emman
5%
BBL Esports SouhcNi
5%
No matching quizzes found
Score Distribution
Percent of People with Each Score
Percentile by Number Answered
Your Score History
You have not taken this quiz since the last reset